| 000 | 00467nam a22001817a 4500 | ||
|---|---|---|---|
| 003 | CEME | ||
| 005 | 20210628204042.0 | ||
| 008 | 210105b xxu||||| |||| 00| 0 eng d | ||
| 020 | _a9693516532 | ||
| 040 | _c. | ||
| 082 | _a910.4 MAS | ||
| 100 |
_aMaskin Ali Hijazi. Dr _968455 |
||
| 245 | _aDalar kay des main | ||
| 260 |
_aLAHORE _bSANG-E-MEEL PUB _c2005 |
||
| 300 | _a150P | ||
| 650 |
_aURDU ADAB-SAFARNAMA.URDU LITERATURE-SAFARNAMA _968456 |
||
| 942 |
_cBK _2ddc |
||
| 999 |
_c576030 _d576030 |
||